00304pab a2200109 454500008004000000245006600040260000900106300001600115362001000131650001900141773003400160180718b2004 xxu||||| |||| 00| 0 eng d aFinances of state government: deteriorating fiscal management c2004 ap.1841-857. a1 May aPublic finance aEconomic and Political Weekly